Crystal Palace Squad 2024-2025 - Statistics

General Stats
  • This quiz has been taken 274 times
    44 since last reset
  • The average score is 20 of 31
Answer Stats
# Position Nation Player % Correct
10 MF England Eberechi Eze
100%
6 DF England Marc Guéhi
94%
18 MF Japan Daichi Kamada
91%
12 DF Colombia Daniel Muñoz
91%
1 GK England Dean Henderson
91%
14 FW France Jean-Philippe Mateta
91%
20 MF England Adam Wharton
85%
7 FW Senegal Ismaïla Sarr
85%
26 DF United States Chris Richards
82%
5 DF France Maxence Lacroix
82%
28 MF Mali Cheick Doucouré
79%
30 GK United States Matt Turner
79%
3 DF England Tyrick Mitchell
76%
8 MF Colombia Jefferson Lerma
74%
19 MF England Will Hughes
74%
- Coach Austria Oliver Glasner
71%
9 FW England Eddie Nketiah
68%
17 DF England Nathaniel Clyne
68%
34 DF Morocco Chadi Riad
65%
2 DF England Joel Ward
65%
11 MF Brazil Matheus França
59%
21 MF England Romain Esse
56%
15 MF Ghana Jeffrey Schlupp
50%
4 DF England Rob Holding
47%
55 MF Northern Ireland Justin Devenny
41%
25 DF England Ben Chilwell
38%
27 DF England Trevoh Chalobah
38%
31 GK England Remi Matthews
32%
58 DF England Caleb Kporha
24%
23 FW England Malcolm Ebiowei
21%
42 MF England Kaden Rodney
15%
No matching quizzes found
Score Distribution
Percent of People with Each Score
Percentile by Number Answered
Your Score History
You have not taken this quiz since the last reset